La prensa clandestina (1939-1956) : (Record no. 109067)

MARC details
000 -LEADER
campo de control de longitud fija 00890nam a2200277 i 4500
001 - NÚMERO DE CONTROL
campo de control 109067
003 - IDENTIFICADOR DE NÚMERO DE CONTROL
campo de control ES-MaACL
005 - FECHA Y HORA DE LA ÚLTIMA TRANSACCIÓN
campo de control 20240607062955.0
007 - CAMPO FIJO DE DESCRIPCIÓN FÍSICA--INFORMACIÓN GENERAL
campo de control de longitud fija t|
008 - DATOS DE LONGITUD FIJA--INFORMACIÓN GENERAL
campo de control de longitud fija 061121s1978 sp r ||||1| spa d
020 ## - NÚMERO INTERNACIONAL ESTÁNDAR DEL LIBRO
Número Internacional Estándar del Libro 84-320-0299-2
080 ## - NÚMERO DE LA CLASIFICACIÓN DECIMAL UNIVERSAL
Número de la Clasificación Decimal Universal 07(460)"19"
100 1# - ENTRADA PRINCIPAL--NOMBRE DE PERSONA
Nombre de persona Oliver, Joan,
Fechas asociadas al nombre 1899-1986
9 (RLIN) 86815
245 13 - MENCIÓN DEL TÍTULO
Título La prensa clandestina (1939-1956) :
Resto del título propaganda y documentos antifranquistas /
Mención de responsabilidad, etc. Joan Oliver ; Joan Pagès ; Pelai Pagès.
250 ## - MENCION DE EDICION
Mención de edición 1ª ed.
260 ## - PUBLICACIÓN, DISTRIBUCIÓN, ETC.
Lugar de publicación, distribución, etc. Barcelona :
Nombre del editor, distribuidor, etc. Planeta,
Fecha de publicación, distribución, etc. 1978.
300 ## - DESCRIPCIÓN FÍSICA
Extensión 426 p. :
Otras características físicas il ;
Dimensiones 19 cm.
490 1# - MENCIÓN DE SERIE
Mención de serie Textos ;
Designación de volumen o secuencia 42
650 #4 - PUNTO DE ACCESO ADICIONAL DE MATERIA--TÉRMINO DE MATERIA
Término de materia o nombre geográfico como elemento de entrada Prensa clandestina-
Subdivisión geográfica España.
9 (RLIN) 174525
650 #4 - PUNTO DE ACCESO ADICIONAL DE MATERIA--TÉRMINO DE MATERIA
Término de materia o nombre geográfico como elemento de entrada Prensa y política-
Subdivisión geográfica España-
Subdivisión cronológica 1939-1975.
9 (RLIN) 162320
700 1# - ENTRADA AGREGADA--NOMBRE PERSONAL
Nombre de persona Pages, Joan.
9 (RLIN) 88279
700 1# - ENTRADA AGREGADA--NOMBRE PERSONAL
Nombre de persona Pagès, Pelai.
9 (RLIN) 88282
830 1# - PUNTO DE ACCESO ADICIONAL DE SERIE-TÍTULO UNIFORME
Título uniforme Textos ;
Designación de volumen o secuencia 42
9 (RLIN) 179017
852 4# - LOCALIZACIÓN
Ubicación ES-MaACL
Número de control de estantería A-9659
Holdings
Estatus retirado Estado de pérdida Estado de daño No para préstamo Biblioteca de origen Biblioteca actual Ubicación en estantería Fecha de adquisición Fuente de adquisición Total de préstamos Signatura topográfica completa Código de barras Visto por última vez Precio de reemplazo Tipo de ítem Koha
        Biblioteca del Ateneo de Madrid Biblioteca del Ateneo de Madrid Depósito 1 17/01/2008     A-9659 1113804 23/02/2023 23/02/2023 Libro impreso